Valuation of renewable energy installations (Record no. 114441)

MARC details
000 -LEADER
fixed length control field 01228cad a22002175a 4500
001 - CONTROL NUMBER
control field L156827
008 - FIXED-LENGTH DATA ELEMENTS--GENERAL INFORMATION
fixed length control field 120717s2012 xxk f 000 0 eng d
020 ## - INTERNATIONAL STANDARD BOOK NUMBER
International Standard Book Number 9781842197776
035 ## - SYSTEM CONTROL NUMBER
System control number (Sirsi) u156827
041 0# - LANGUAGE CODE
Language code of text/sound track or separate title eng
110 2# - MAIN ENTRY--CORPORATE NAME
Corporate name or jurisdiction name as entry element Royal Institution of Chartered Surveyors
9 (RLIN) 4900
245 00 - TITLE STATEMENT
Title Valuation of renewable energy installations
Medium [electronic resource]
260 ## - PUBLICATION, DISTRIBUTION, ETC.
Place of publication, distribution, etc. Coventry
Name of publisher, distributor, etc. RICS
Date of publication, distribution, etc. 2012
490 #0 - SERIES STATEMENT
Series statement RICS Information Paper
Volume/sequential designation 30/2012
505 2# - FORMATTED CONTENTS NOTE
Formatted contents note Introduction and scope -- Valuation challenges -- Purpose of valuation and confirmation of instructions -- General principles of valuation as applicable to renewables -- Common issues -- Conclusion: forming a defensible view.
520 ## - SUMMARY, ETC.
Summary, etc. Addresses the capital and rental valuation of freehold and leasehold landed interests for sites where a significant part of the value arises, or might arise, from the potential to generate renewable energy ? principally electricity. Part of the Red Book 2012.
521 ## - TARGET AUDIENCE NOTE
Target audience note Advanced
651 #4 - SUBJECT ADDED ENTRY--GEOGRAPHIC NAME
Geographic name ENGLAND AND WALES
856 40 - ELECTRONIC LOCATION AND ACCESS
Uniform Resource Identifier <a href="https://www.rics.org/Global/Valuation_of_renewable_energy_installations_1st_edition_PGguidance_2012.pdf">https://www.rics.org/Global/Valuation_of_renewable_energy_installations_1st_edition_PGguidance_2012.pdf</a>
Public note View the item free of charge (member-only access) at www.rics.org...
942 ## - ADDED ENTRY ELEMENTS (KOHA)
Suppress in OPAC 0
Holdings
Withdrawn status Lost status Source of classification or shelving scheme Damaged status Not for loan Home library Current library Shelving location Date acquired Total Checkouts Full call number Barcode Date last seen Copy number Price effective from Koha item type
    Dewey Decimal Classification     Virtual Virtual Online 17/07/2012   ONLINE PUBLICATION 156827-2001 06/08/2019 1 06/08/2019 Book